Photoelectrochemical water splitting : (Record no. 128219)

MARC details
000 -LEADER
fixed length control field 01091cam a2200277Ia 4500
008 - FIXED-LENGTH DATA ELEMENTS--GENERAL INFORMATION
fixed length control field
020 ## - INTERNATIONAL STANDARD BOOK NUMBER
International Standard Book Number 9781849736473 (hbk.)
049 ## - LOCAL HOLDINGS (OCLC)
Holding library MAIN
090 ## - LOCALLY ASSIGNED LC-TYPE CALL NUMBER (OCLC); LOCAL CALL NUMBER (RLIN)
Classification number (OCLC) (R) ; Classification number, CALL (RLIN) (NR) QD578
Local cutter number (OCLC) ; Book number/undivided call number, CALL (RLIN) PHO
003 - CONTROL NUMBER IDENTIFIER
control field
005 - DATE AND TIME OF LATEST TRANSACTION
control field 20230123122126.0
040 ## - CATALOGING SOURCE
Transcribing agency NUST
245 00 - TITLE STATEMENT
Title Photoelectrochemical water splitting :
Remainder of title materials, processes and architectures /
Statement of responsibility, etc. edited by Hans-Joachim Lewerenz, Helmholtz-Zentrum Berlin and Joint Center for Artificial Photosynthesis, and Laurence Peter, University of Bath, UK.
260 ## - PUBLICATION, DISTRIBUTION, ETC.
Place of publication, distribution, etc. Cambridge :
Name of publisher, distributor, etc. RSC Publishing,
Date of publication, distribution, etc. [2013]
300 ## - PHYSICAL DESCRIPTION
Extent xxviii, 468 pages :
Other physical details ill. (some col). ;
Dimensions 25 cm.
440 1# - SERIES STATEMENT/ADDED ENTRY--TITLE
Title RSC energy and environment series.
500 ## - GENERAL NOTE
General note Includes index.
504 ## - BIBLIOGRAPHY, ETC. NOTE
Bibliography, etc. note Includes bibliographical references.
650 #0 - SUBJECT ADDED ENTRY--TOPICAL TERM
Topical term or geographic name entry element Photoelectrochemistry.
650 #0 - SUBJECT ADDED ENTRY--TOPICAL TERM
Topical term or geographic name entry element Water
General subdivision Electrolysis.
700 1# - ADDED ENTRY--PERSONAL NAME
Personal name Lewerenz, H.- J.,
Relator term editor.
700 1# - ADDED ENTRY--PERSONAL NAME
Personal name Peter, Laurence
Fuller form of name (Laurence M.),
Relator term editor.
710 2# - ADDED ENTRY--CORPORATE NAME
Corporate name or jurisdiction name as entry element Royal Society of Chemistry (Great Britain),
Relator term publisher.
907 ## - LOCAL DATA ELEMENT G, LDG (RLIN)
a .b1035198x
b 28-11-14
c 28-11-14
942 ## - ADDED ENTRY ELEMENTS (KOHA)
Koha item type Ordinary Loan Books
Call number prefix QD578
Call number suffix PHO
Holdings
Date last seen Total Checkouts Full call number Barcode Cost, replacement price Price effective from Koha item type Lost status Source of classification or shelving scheme Damaged status Not for loan Collection Withdrawn status Home library Current library Shelving location Date acquired Cost, normal purchase price
01/23/2023   QD578 PHO 92004037152 80.00 01/23/2023 BOOKS   LCC     NFIC   MAIN MAIN GEN 01/23/2023 80.00